| 000 | 00657cam a22002175a 4500 | ||
|---|---|---|---|
| 001 | 1797114 | ||
| 005 | 20180506140403.0 | ||
| 008 | 780607t1978 enka frb 001 0 eng d | ||
| 020 | _a0856641596 | ||
| 040 |
_aDLC _cDLC _dDLC _dEG-ScBUE _beng |
||
| 043 | _ae-uk--- | ||
| 082 | 0 | 4 |
_222 _a338.47301540941 _bSTA |
| 100 | 1 | _aStafford, D. C. | |
| 245 | 1 | 4 |
_aThe economics of housing policy / _cD. C. Stafford. |
| 260 |
_aLondon : _bCroom Helm, _cc.1978. |
||
| 300 |
_a163 p. : _bill. ; _c23 cm. |
||
| 504 | _aIncludes bibliographical references and index. | ||
| 650 | 7 |
_aHousing policy _zGreat Britain. _2BUEsh _935130 |
|
| 653 |
_bBUSECO _cMay2018 |
||
| 942 | _2ddc | ||
| 999 |
_c26637 _d26609 |
||